Krutý měsíc /
Krimithriller české autorky, zasazený do doby covidové pandemie.
Uloženo v:
| Hlavní autor: | |
|---|---|
| Médium: | E-kniha |
| Jazyk: | Czech |
| Vydáno: |
Praha :
Motto,
2023
|
| Vydání: | 1. vydání |
| Témata: | |
| Tagy: |
Žádné tagy |
| LEADER | 02139nam a2200397 i 4500 | ||
|---|---|---|---|
| 001 | 312149 | ||
| 003 | CZ PrSKC | ||
| 005 | 20260601215717.0 | ||
| 007 | ta | ||
| 008 | 231026s2023 xr g 000 f cze | ||
| 015 | |a cnb003563352 | ||
| 020 | |a 9788026725442 |q (vázáno) : |c Kč 399,00 | ||
| 035 | |a (OCoLC)1420608304 | ||
| 040 | |a ABG001 |b cze |d ABA001 |e rda | ||
| 072 | 7 | |a 821.162.3-3 |x Česká próza |2 Konspekt | |
| 080 | |a 821.162.3-31 |2 MRF | ||
| 080 | |a (0:82-312.4) |2 MRF | ||
| 100 | 1 | |a Jašová, Jana, |d 1968- |7 jo20000080723 |4 aut | |
| 245 | 1 | 0 | |a Krutý měsíc / |c Jana Jašová |
| 250 | |a 1. vydání | ||
| 264 | 1 | |a Praha : |b Motto, |c 2023 | |
| 300 | |a 355 stran ; |c 21 cm | ||
| 336 | |a text |b txt |2 rdacontent | ||
| 337 | |a bez média |b n |2 rdamedia | ||
| 338 | |a svazek |b nc |2 rdacarrier | ||
| 520 | 2 | |a Krimithriller české autorky, zasazený do doby covidové pandemie. |b Druhé covidové Velikonoce. Zemi svírají nejpřísnější epidemická pravidla včetně zákazu nočního vycházení. Přesto se Tamara uprostřed noci probudí v autě na lesní cestě. Je celá od krve a z posledních hodin si nic nepamatuje. Netuší, čí je ta krev, ani kam zmizel její čtrnáctiletý syn Ben. Vesnici v Lužických horách, kde trávila matka se synem sváteční víkend, posedne paranoia. Kam až vedou kořeny spletitého případu? A podaří se chlapce najít, než se po něm nadobro slehne zem? Nakladatelská anotace. | |
| 655 | 7 | |a české romány |7 fd133974 |2 czenas | |
| 655 | 7 | |a detektivní romány |7 fd132010 |2 czenas | |
| 655 | 9 | |a Czech fiction |2 eczenas | |
| 655 | 9 | |a detective novels |2 eczenas | |
| 900 | |a ABA001 |b 19 | ||
| 928 | 9 | |a Albatros Media - Motto | |
| 044 | |a xr | ||
| 910 | |a RBIT002 | ||
| 998 | |d 389696 |a https://core.palmknihy.cz/api/books/389696/cover?taqepo |b https://core.palmknihy.cz/api/books/389696/cover/400?taqepo |c https://core.palmknihy.cz/api/books/389696/cover/50?taqepo |e 2033-12-31 |g 360 |i 9788026725442 |j https://core.palmknihy.cz/api/books/389696/preview.epub |k https://core.palmknihy.cz/api/books/389696/preview.pdf |l |q 49 |r 1 |s https://www.palmknihy.cz/kniha/389696 |t ebook |y 2023 |z 0 | ||
| 999 | |d 312147 | ||